00772nam a2200241 a 4500001001300000003000900013005001700022008004100039020002300080082001500103100001600118245008100134260006600215300000900281500003500290505001700325650002000342650002200362902000800384942000700392952011600399999001500515nice12345678IN_TiNIC20260116012243.0050524s1989 masa grp 000 0 eng  a029544X c30000a954.2bBEG aBegley, W E aTaj Mahalb the Illumined Tomb, an Anthology of 17th Century Mughal and Euro aMassachusettsbAga Khan Programme for Islamic Architectc1989 a320p aincludes index and biblioraphy2 aBibliography aIndia-Taj Mahal aTaj Mahal-History bRHR cBK 001040708ReferHall-aHMIbHMId2007-08-01g300.00l0o954.2 BEGp014501r2007-08-01v300.00w2005-05-24yBK c6253d6253